ÉQUIPE DE FRANCE: Liste des 23 bleus (Septembre 2022) - Statistiques

Statistiques générales
  • Ce quiz a été pris 441 fois
  • Le résultat moyen est 19 sur 23
Statistiques - réponses
Poste Joueur Club % Correct
Gardien Hugo Lloris Tottenham Hotspurs
100%
Défenseur Theo Hernandez AC Milan
96%
Gardien Mike Maignan AC Milan
95%
Attaquant Antoine Griezmann Atletico Madrid
94%
Attaquant Kylian Mbappé Paris Saint-Germain
94%
Gardien Alphonse Aréola West Ham
93%
Défenseur Benjamin Pavard Bayern Munich
92%
Défenseur Raphaël Varane Manchester United
92%
Attaquant Olivier Giroud AC Milan
91%
Attaquant Ousmane Dembélé FC Barcelone
91%
Milieu Eduardo Camavinga Real Madrid
88%
Défenseur Jules Koundé FC Barcelone
88%
Milieu Adrien Rabiot Juventus
87%
Milieu Aurélien Tchouaméni Real Madrid
87%
Défenseur Dayot Upamecano Bayern Munich
84%
Attaquant Christopher Nkunku RB Leizpig
80%
Défenseur William Saliba Arsenal
80%
Milieu Mattéo Guendouzi Olympique de Marseille
79%
Attaquant Randal Kolo Muani Eintracht Francfort
79%
Défenseur Ferland Mendy Real Madrid
74%
Milieu Youssouf Fofana AS Monaco
71%
Défenseur Jonathan Clauss Olympique de Marseille
62%
Défenseur Benoit Badiashile AS Monaco
42%
Aucun quiz correspondant
Distribution des résultats
% des personnes avec chaque résultat
Percentile par nombre de réponses
Votre historique - résultats
Vous n’avez pas pris ce quiz